Impresie z Bologne

Bibliographic Details
Main Author: Blaho, Vladimír, 1943- (Author)
Format: Article
Language:Slovak
PhysicalDescription:Fotogr.
ISSN:0862-5999
Subjects:

MARC

LEADER 00000nab a2200000 a 4500
001 vtls010183639
003 SK-MaSNL
005 20260303205354.0
008 140422c2010 xo ||||||||||||00 b|slo
015 |a SNBRB2010/10  |2 snkbucl 
038 |a SNKBUCL 
040 |a SNKBUCL  |b slo  |c SNKBUCL  |e AACR2 
041 0 |a slo 
044 |a xo  |c SK 
080 |a 908(450)  |2 2001 
100 1 |a Blaho, Vladimír,  |d 1943-  |4 aut  |9 102391 
245 1 0 |a Impresie z Bologne  |c Vladimír Blaho 
300 |b Fotogr. 
651 7 |a Bologna (Taliansko)  |2 snkbucl  |9 58383 
655 7 |a reportáže  |2 snkbucl  |9 28856 
773 0 |t Literárny (dvoj)týždenník  |g Roč. XXIII, č. 27-28 (2010), s. 14  |x 0862-5999 
852 |a SNK  |b KIS3GCP 
958 |a IT 
999 |c 2195021  |d 2196951